Aktivizácia mierových síl Triedne reality súčasnej epochy (2)

Bibliographic Details
Main Author: Hlivka, Ivan, 1933- (Author)
Format: Article
Language:Slovak
Subjects:

MARC

LEADER 00000nab a2200000 a 4500
001 vtls000190438
003 SK-MaSNL
005 20260302213125.0
008 111106c1984 xo 0 slo
015 |a SNBRB19rr/mm-uuuuu 
035 |a CL0200551 
040 |a SNKBUCL  |b slo  |c SNKBUCL  |e AACR2 
041 0 |a slo 
044 |a xo  |c SK 
080 |a 323.23(100-11:100-19)  |2 1981 
100 1 |a Hlivka, Ivan,  |d 1933-  |4 aut  |9 111307 
245 1 0 |a Aktivizácia mierových síl  |b Triedne reality súčasnej epochy (2)  |c Ivan Hlivka 
500 |a /Dokončenie/. 
650 0 7 |a boj ideologický  |2 snkbucl  |9 922285 
655 7 |a články z novín a časopisov  |2 snkbucl  |9 267496 
773 0 |t Pravda  |g Roč. 65, č. 183 (4. 8. 1984), s. 4 
850 |a Slovenská národná knižnica v Martine  |a MTA001 
852 |a SNK  |b KIS3GCP 
958 |a RK 
992 |a RBX 
999 |c 1492239  |d 1494169